00387nam a2200133Ia 4500008004100000082001500041100002000056245002500076260001800101600001200119942000700131952009800138999001700236241002s9999 xx 000 0 und d a953.02 GLU aGlubb, Sir John 4aThe Course of Empire aLondon:c1965 aHistory cUC 00104070aUITUbUITUd1994-01-01l0o953.02 GLUpUC243r2024-10-02 09:31:13w2024-10-02yUC c18570d18570